Grafy i geny. Ispoľzovanije grafov v analize struktury funkcij i evoľucii genetičeskich sistem
Gespeichert in:
| Hauptverfasser: | , |
|---|---|
| Format: | Buch |
| Sprache: | Russisch |
| Veröffentlicht: |
Moskva :
Nauka,
1977
|
| Tags: |
Keine Tags, Fügen Sie das erste Tag hinzu!
|
MARC
| LEADER | 00000nam a22000003a 4500 | ||
|---|---|---|---|
| 001 | stu195823 | ||
| 005 | 20150617230026.4 | ||
| 008 | 091111s1977----xxr-----------------rus-d | ||
| 040 | |a STU |b slo | ||
| 041 | 0 | |a rus | |
| 044 | |a xxr | ||
| 080 | |a 519.17 |7 stu_us_auth*stu8282 | ||
| 080 | |a 575.11 | ||
| 100 | 1 | |a Mirkin, Boris G. |4 aut | |
| 245 | 1 | |a Grafy i geny. Ispoľzovanije grafov v analize struktury funkcij i evoľucii genetičeskich sistem | |
| 260 | |a Moskva : |b Nauka, |c 1977 | ||
| 300 | |a 237 s | ||
| 700 | 1 | |a Rodin, Sergej N. |4 aut | |
| 996 | |b E42269 |c E*42269 |l EE03 |s P |a 0 |w stu195823_0001 | ||